|
|
|
|
| LEADER |
00962nam a22002177i 4500 |
| 003 |
GR-PaULI |
| 005 |
20230112104813.0 |
| 008 |
170202s1997 gr g || 00| p gr d |
| 952 |
|
|
|0 0
|1 0
|2 ddc
|4 0
|6 889_134000000000000_ΝΤΙ
|7 0
|9 367209
|a LISP
|b LISP
|c DON
|d 2023-01-12
|e ΠΑΤ
|i 150161
|l 0
|o 889.134 ΝΤΙ
|p 025000277228
|r 2023-01-12 00:00:00
|t 1
|w 2023-01-12
|y BKN
|
| 999 |
|
|
|c 214606
|d 214606
|
| 020 |
|
|
|a 9607528107
|
| 040 |
|
|
|a GR-PaULI
|b gre
|c GR-PaULI
|e AACR2
|
| 082 |
0 |
4 |
|2 23
|a 889.134
|
| 100 |
1 |
|
|9 195402
|a Ντίλη, Αγλαΐα,
|d 1978-
|e συγγραφέας.
|
| 245 |
1 |
0 |
|a Δόμνα και Αλέξανδρος :
|b η ιστορία μιας άρνησης /
|c Αγλαΐα Ντίλη.
|
| 260 |
|
|
|a Αθήνα :
|b Μανδραγόρας,
|c 1997.
|
| 300 |
|
|
|a 41 σ. ;
|c 25 εκ.
|
| 490 |
1 |
|
|a Ποιητικά ημερολόγια
|
| 830 |
|
0 |
|9 195401
|a Ποιητικά ημερολόγια (Μανδραγόρας)
|
| 942 |
|
|
|2 ddc
|c BK
|
| 998 |
|
|
|c ΜΠΟΥΡΑΣ
|d 2023-01
|